Research ethics in applied economics : (Record no. 366606)
[ view plain ]
| 000 -LEADER | |
|---|---|
| fixed length control field | 01968nam a22002177a 4500 |
| 003 - CONTROL NUMBER IDENTIFIER | |
| control field | 0 |
| 005 - DATE AND TIME OF LATEST TRANSACTION | |
| control field | 20241019140547.0 |
| 008 - FIXED-LENGTH DATA ELEMENTS--GENERAL INFORMATION | |
| fixed length control field | 241019b xxu||||| |||| 00| 0 eng d |
| 020 ## - INTERNATIONAL STANDARD BOOK NUMBER | |
| International Standard Book Number | 9780367457419 |
| 050 ## - LIBRARY OF CONGRESS CALL NUMBER | |
| Classification number | HB 72 |
| Item number | .J67 2024 |
| 100 ## - MAIN ENTRY--PERSONAL NAME | |
| Personal name | Josephson, Anna, |
| Relator term | author. |
| 245 ## - TITLE STATEMENT | |
| Title | Research ethics in applied economics : |
| Remainder of title | a practical guide / |
| Statement of responsibility, etc | Anna Josephson and Jeffrey D. Michler. |
| 260 ## - PUBLICATION, DISTRIBUTION, ETC. (IMPRINT) | |
| Place of publication, distribution, etc | New York, NY : |
| Name of publisher, distributor, etc | Routledge, |
| Date of publication, distribution, etc | 2024. |
| 300 ## - PHYSICAL DESCRIPTION | |
| Extent | xviii, 378 p. : |
| Other physical details | ill. ; |
| Dimensions | 24 cm. |
| 504 ## - BIBLIOGRAPHY, ETC. NOTE | |
| Bibliography, etc | Includes bibliographical references and index. |
| 520 ## - SUMMARY, ETC. | |
| Summary, etc | "Research Ethics in Applied Economics Emphasizing the new challenges posed by the data science revolution, digital media, and changing standards, Research Ethics in Applied Economics examines the ethical issues faced by the applied economics researcher at each stage of the research process. The first section of the book considers project development, including issues of project management, selection bias in asking research questions, and political incentives in the development and funding of research ideas. The second section addresses data collection and analysis, discussing concerns about participant rights, data falsification, data management, specification search, p-hacking, and replicability. The final section focuses on sharing results with academic audiences and beyond, with an emphasis on self-plagiarism, self-promotion, and the importance of achieving policy impact. The discussion and related recommendations highlight emergent issues in research ethics. Featuring case studies from experienced researchers on how they address ethical issues, this book provides practical guidance to both students and experienced practitioners seeking to navigate ethical issues in their applied economics research"--Provided by publisher. |
| 650 ## - SUBJECT ADDED ENTRY--TOPICAL TERM | |
| Topical term or geographic name as entry element | Economics |
| Form subdivision | Moral and ethical aspects. |
| 650 ## - SUBJECT ADDED ENTRY--TOPICAL TERM | |
| Topical term or geographic name as entry element | Economics |
| Form subdivision | Study and teaching. |
| 700 ## - ADDED ENTRY--PERSONAL NAME | |
| Personal name | Michler, Jeffrey D., |
| Relator term | author. |
| 942 ## - ADDED ENTRY ELEMENTS (KOHA) | |
| Source of classification or shelving scheme | Library of Congress Classification |
| Koha item type | Books |
| Withdrawn status | Lost status | Source of classification or shelving scheme | Damaged status | Home library | Current library | Shelving location | Date acquired | Source of acquisition | Sub Shelving location | Total Checkouts | Full call number | Barcode | Date last seen | Price effective from | Koha item type |
|---|---|---|---|---|---|---|---|---|---|---|---|---|---|---|---|
| Library of Congress Classification | College Library | College Library | Reserve Section | 10/19/2024 | Library Fund | HB 72 .J67 2024 | C23853 | 10/19/2024 | 10/19/2024 | Books |